[Event "Halden Spring B"]
[Site "Halden"]
[Date "2012.04.02"]
[Round "4"]
[White "Tosi, Valerio"]
[Black "Oberg, Lasse"]
[Result "0-1"]
[WhiteElo "1179"]
[BlackElo "1004"]
[PlyCount "53"]
[EventDate "2012.04.02"]
[EventType "swiss"]
[EventRounds "5"]
[EventCountry "NOR"]
[SourceTitle "EXT 2024"]
[Source "ChessBase"]
[SourceDate "2023.10.10"]
[SourceVersion "1"]
[SourceVersionDate "2023.10.10"]
[SourceQuality "1"]

1. e4 Nc6 2. Nf3 b6 3. Bc4 e6 4. d3 Bb7 5. Bf4 Be7 6. Nc3 f6 7. e5 a6 8. Ne4 g6 9. Ng3 d6 10. Bxe6 dxe5 11. Bxg8 Rxg8 12. Bd2 Qd7 13. h3 0-0-0 14. a3 Qe6 15. Qe2 Bd6 16. b4 b5 17. Ne4 Rge8 18. c3 Be7 19. Nc5 Bxc5 20. bxc5 Qd5 21. 0-0 e4 22. Nd4 Nxd4 23. cxd4 exd3 24. Qf3 Qxf3 25. gxf3 Bxf3 26. Rab1 Rd5 27. Rb2 0-1